500 Greatest Artists of All Time - Statistics

General Stats
  • This quiz has been taken 760 times
    396 since last reset
  • The average score is 236 of 500
Answer Stats
Artist/Band Songs % Correct
A ABBA Dancing Queen, Gimme! Gimme! Gimme!, Mamma Mia
97%
A AC/DC Thunderstruck, Highway to Hell, Back in Black
94%
A Adele Someone Like You, Rolling in the Deep, Hello
93%
A a-ha Take on Me, The Sun Always Shines on T.V., Hunting High and Low
92%
B The Beatles Here Comes The Sun, Yesterday, Come Together
92%
M Michael Jackson Billie Jean, Beat It, Smooth Criminal
89%
Q Queen Bohemian Rhapsody, Don‘t Stop Me Now, We Will Rock You
88%
F 50 Cent In Da Club, Candy Shop, P.I.M.P.
87%
B Beyoncé Crazy In Love, Halo, Single Ladies (Put a Ring on It)
87%
L Lady Gaga Poker Face, Just Dance, Bad Romance
87%
E Elvis Presley Can‘t Help Falling in Love, Suspicious Minds, Jailhouse Rock
86%
M Madonna Like a Prayer, Hung Up, Like a Virgin
86%
A Aerosmith Dream On, I Don‘t Want To Miss A Thing, Sweet Emotion
85%
B Bon Jovi Livin‘ On A Prayer, You Give Love A Bad Name, It‘s My Life
84%
B Britney Spears Toxic, …Baby One More Time, Oops!…I Did It Again
84%
C Coldplay Yellow, Viva La Vida, Something Just Like This
84%
E Elton John I‘m Still Standing, Rocket Man, Your Song
84%
J Janet Jackson All For You, Together Again, That‘s The Way Love Goes
84%
B Backstreet Boys I Want It That Way, Everybody (Backstreet‘s Back), As Long As You Love Me
83%
A Amy Winehouse Back To Black, Rehab, Tears Dry On Their Own
82%
C Celine Dion My Heart Will Go On, Because You Loved Me, It‘s All Coming Back to Me Now
82%
P Prince Purple Rain, Kiss, When Doves Cry
82%
B Bee Gees Stayin‘ Alive, Hoe Deep Is Your Love, More Than A Woman
81%
E Eminem Without Me, Mockingbird, Lose Yourself
81%
G George Michael Careless Whisper, Faith, Don‘t Let the Sun Go Down on Me
81%
G Guns N‘Roses Sweet Child O‘ Mine, Welcome To The Jungle, Paradise City
81%
N Nirvana Smells Like Teen Spirit, Come As You Are, Heart-Shaped Box
81%
P Pink Just Give Me a Reason, Try, So What
81%
R Rihanna We Found Love, Don‘t Stop the Music, Umbrella
81%
D Dr. Dre Still D.R.E., The Next Episode, Nuthin‘ But A „G“ Thang
80%
O Oasis Wonderwall, Don‘t Look Back In Anger, Stop Crying Your Heart Out
80%
R The Rolling Stones Paint It, Black, (I Can‘t Get No) Satisfaction, Start Me Up
80%
W Whitney Houston I Wanna Dance with Somebody, I Will Always Love You, Higher Love
80%
A Al Green Let‘s Stay Together, Tired of Being Alone, How Can You Mend a Broken Heart
79%
B Bruce Springsteen Dancing In The Dark, I‘m On Fire, Born in the U.S.A.
79%
E Eagles Hotel California, Take It Easy, Life in the Fast Lane
79%
M Metallica Enter Sandman, Master Of Puppets, Nothing Else Matters
79%
M Miley Cyrus Flowers, Wrecking Ball, Party In The U.S.A.
79%
P The Police Every Breath You Take, Roxanne, Message In A Bottle
79%
T Toto Africa, Hold the Line, Rosanna
79%
B Black Eyed Peas I Gotta Feeling, Where Is The Love?, Pump It
78%
B Bob Dylan Knockin‘ On Heaven‘s Door, Like a Rolling Stone, Hurricane
78%
E Ed Sheeran Shape of You, Perfect, Photograph
78%
J Jay-Z Empire State Of Mind, Run This Town, No Church In The Wild
78%
K Katy Perry Last Friday Night, California Gurls, Hot N Cold
78%
S Shakira Hips Don‘t Lie, Whenever, Wherever, Can‘t Remember to Forget You
78%
B Billy Joel Uptown Girl, Piano Man, Vienna
77%
D Drake God‘s Plan, One Dance, Jimmy Cooks
77%
J John Lennon Imagine, Beautiful Boy (Darling Boy), Woman
77%
M Maroon 5 Payphone, Sugar, Moves Like Jagger
77%
P Pink Floyd Another Brick in the Wall, Pt. 2, Wish You Were Here, Comfortably Numb
77%
T Taylor Swift Cruel Summer, Fortnight, Shake It Off
77%
B The Beach Boys Wouldn‘t It Be Nice, Good Vibrations, Surfin‘ U.S.A.
77%
B B.B. King The Thrill Is Gone, We Are The World, Riding With the King
76%
C Carole King It‘s Too Late, I Feel the Earth Move, You‘ve Got a Friend
76%
D Dolly Parton Jolene, 9 to 5, Islands in the Stream
76%
F Frank Sinatra My Way, Somethin‘ Stupid, Fly Me To The Moon (In Other Words)
76%
R Radiohead Creep, No Surprises, Karma Police
76%
C The Cranberries Zombie, Linger, Dreams
76%
U U2 With Or Without You, I Still Haven‘t Found What I‘m Looking For, One
76%
B Barry White You‘re The First, The Last, My Everything, Can‘t Get Enough Of Your Love, Babe, Let The Music Play
75%
B Black Sabbath Paranoid, Iron Man, War Pigs
75%
C Cyndi Lauper Girls Just Want to Have Fun, Time After Time, True Colors
75%
D David Bowie Starman, Heroes, Space Oddity
75%
J Justin Timberlake Mirrors, SexyBack, Rock Your Body
75%
L Led Zeppelin Stairway to Heaven, Immigrant Song, Whole Lotta Love
75%
W Wham! Wake Me Up Before You Go-Go, Last Christmas, Everything She Wants
75%
W Will Smith Miami, Gettin‘ Jiggy Wit It, Friend Like Me
75%
A Aretha Franklin Respect, I Say a Little Prayer, (You Make Me Feel) A Natural Woman
74%
B Bob Marley & The Wailers Could You Be Loved, Three Little Birds, Buffalo Soldier
74%
G Green Day American Idiot, Basket Case, Boulevard of Broken Dreams
74%
R Red Hot Chili Peppers Californication, Can‘t Stop, Under the Bridge
74%
R R.E.M. Losing My Religion, Everybody Hurts, Shiny Happy People
74%
C Carly Simon You‘re So Vain, Anticipation, Nobody Does It Better
73%
D Daft Punk Get Lucky, One More Time, Around the World
73%
P Pharrell Williams Happy, Feels, Double Life
72%
C The Clash Should I Stay or Should I Go, Rock the Casbah, London Calling
72%
T 2Pac California Love, Hit ‘Em Up, All Eyez On Me
71%
B Blondie Call Me, One Way Or Another, Heart Of Glass
71%
B Bryan Adams Summer of ‘69, Heaven, Run to You
71%
J Journey Don‘t Stop Believin‘, Any Way You Want It, Separate Ways (Worlds Apart)
71%
K KISS I Was Made For Lovin‘ You, Rock And Roll All Night, Detroit Rock City
71%
W The Weeknd Blinding Lights, Starboy, The Hills
71%
P Paul Simon You Can Call Me Al, Me and Julio Down by the Schoolyard, Graceland
70%
B Billie Eilish bad guy, ocean eyes, What Was I Made For?
69%
B Bruno Mars Die With A Smile, Just The Way You Are, When I Was Your Man
69%
C Christina Aguilera Genie In a Bottle, Lady Marmelade, Say Something
69%
C Coolio Gangsta‘s Paradise, Fantastic Voyage, C U When U Get There
69%
H Harry Styles As It Was, Watermelon Sugar, Adore You
69%
K Kate Bush Running Up That Hill, Army Dreamers, Wuthering Heights
69%
M Marvin Gaye Ain‘t No Mountain High Enough, Sexual Healing, Let‘s Get It On
69%
O Outkast Hey Ya!, Ms. Jackson, So Fresh, So Clean
69%
P Patti Smith Because the Night, Dancing Barefoot, Gloria: In Excelsis Deo
69%
A Avril Lavigne Complicated, Sk8er Boi, Girlfriend
68%
F Fleetwood Mac Dreams, The Chain, Everywhere
68%
P Paul McCartney FourFiveSeconds, Band On The Run, Say Say Say
68%
P PSY Gangnam Style, That That, Gentleman
68%
R Ricky Martin Livin‘ la Vida Loca, Vente Pa‘ Ca, La Mordidita
68%
K The Killers Mr. Brightside, When You Were Young, Human
68%
D Dio Holy Diver, Rainbow in the Dark, The Last in Line
67%
J Justin Bieber Sorry, Love Yourself, What Do You Mean?
67%
L Louis Armstrong What A Wonderful World, Dream A Little Dream Of Me, La vie en rose
67%
L Ludwig van Beethoven Piano Sonata No. 14, Bagatelle No. 25, Für Elise
67%
L Lynyrd Skynyrd Sweet Home Alabama, Free Bird, Simple Man
67%
P Phil Collins Another Day in Paradise, In the Air Tonight, Against All Odds
67%
S Spice Girls Wannabe, Stop, Say You‘ll Be There
67%
S Stevie Wonder I Just Called To Say I Love You, Signed, Sealed, Delivered (I‘m Yours), Superstition
67%
G Gorillaz Feel Good Inc., Clint Eastwood, On Melancholy Hill
66%
S Snoop Dogg Young, Wild & Free, Drop It Like It‘s Hot, Gin and Juice
66%
A The Animals House of the Rising Sun, Don‘t Let Me Be Misunderstood, We‘ve Gotta Get out of This Place
66%
J The Jackson Five I Want You Back, ABC, I‘ll Be There
66%
C Cher Believe, If I Could Turn Back Time, Strong Enough
65%
E Earth, Wind & Fire September, Let‘s Groove, Boogie Wonderland
65%
G Gwen Stefani Hollaback Girl, Rich Girl, The Sweet Escape
65%
J Johnny Cash Hurt, Ring of Fire, Highwayman
65%
K Kanye West Flashing Lights, Heartless, Bound 2
65%
O Ozzy Osbourne Crazy Train, No More Tears, Mama, I‘m Coming Home
65%
S Simon & Garfunkel Mrs. Robinson, The Sound of Silence, Cecilia
65%
W The White Stripes Seven Nation Army, Fell In Love With a Girl, Icky Thump
65%
W Wolfgang Amadeus Mozart Requiem, Piano Concerto No. 21, Die Hochzeit des Figaro
65%
A Arctic Monkeys I Wanna Be Yours, 505, Do I Wanna Know?
64%
B Beastie Boys Sabotage, No Sleep Till Brooklyn, Fight For Your Rights
64%
B Blur Song 2, Girls & Boys, Parklife
64%
H Hozier Take Me To Church, Too Sweet, Work Song
64%
L Lorde Royals, Team, Ribs
64%
N Neil Diamond Sweet Caroline, Cracklin‘ Rosie, Forever In Blue Jeans
64%
S Sia Unstoppable, Chandelier, Cheap Thrills
64%
N The Notorious B.I.G. Hypnotize, Big Poppa, Juicy
64%
B Billy Idol Eyes Without A Face, Rebel Yell, White Wedding
63%
C Chuck Berry Johnny B. Goode, You Never Can Tell, No Particular Place To Go
63%
C Creedence Clearwater Revival Have You Ever Seen The Rain, Fortunate Son, Bad Moon Rising
63%
E Eurythmics Sweet Dreams (Are Made of This), Here Comes the Rain Again, There Must Be an Angel (Playing With My Heart)
63%
J James Brown I Got You (I Feel Good), It‘s A Man‘s, Man‘s, Man‘s World, The Boss
63%
J Jimi Hendrix All Along the Watchover, Purple Haze, Hey Joe
63%
L Linkin Park Numb, In the End, Faint
63%
T Tears for Fears Everybody Wants To Rule The World, Shout, Head Over Heels
63%
M The Mamas & the Papas California Dreamin‘, Dream A Little Dream Of Me, Monday, Monday
63%
E Eric Clapton Wonderful Tonight, Cocaine, Layla
62%
J Joan Jett I Love Rock ‘N Roll, Bad Reputation, I Hate My for Loving You
62%
K Kelly Clarkson Since U Been Gone, Because of You, Stronger (What Doesn‘t Kill You)
62%
K Kendrick Lamar Money Trees, HUMBLE., Not Like Us
62%
N Nicki Minaj Starships, Bang Bang, Tusa
62%
O One Direction Story of My Life, What Makes You Beautiful, Perfect
62%
R Robbie Williams Angels, Feel, Rock DJ
62%
S Sex Pistols Anarchy In The UK, God Save The Queen, Pretty Vacant
62%
U Usher Yeah!, DJ Got Us Fallin‘ In Love, My Boo
62%
D Deep Purple Smoke On The Water, Highway Star, Perfect Stranger
61%
D Duran Duran Hungry Like the Wolf, Rio, Ordinary World
61%
N Neil Young Heart of Gold, Harvest Moon, Old Man
61%
C The Cure Friday I‘m In Love, Boys Don‘t Cry, Just Like Heaven
61%
J The Jam Town Called Malice, That‘s Entertainment, Going Underground
61%
W The Who Baba O‘Riley, Behind Blue Eyes, Won‘t Get Fooled Again
61%
T Tina Turner What‘s Love Got to Do with It, The Best, Cosas de la Vida
61%
A Alice Cooper Poison, School‘s Out, No More Mr. Nice Guy
60%
D Dire Straits Sultans Of Swing, Walk Of Life, Money For Nothing
60%
N Nick Drake Pink Moon, Northern Sky, Place To Be
60%
S Survivor Eye of the Tiger, Burning Heart, The Search Is Over
60%
D The Doors Riders on the Storm, People Are Strange, Break on Through (To the Other Side)
60%
V Van Morrison Brown Eyed Girl, Days Like This, Into the Mystic
60%
D Def Leppard Pour Some Sugar On Me, Hysteria, Photograph
59%
E Evanescence Bring Me To Life, Going Under, My Immortal
59%
F Foo Fighters Everlong, The Pretender, Best of You
59%
G George Harrison My Sweet Lord, Got My Mind Set on You, What Is Life
59%
V The Verve Bitter Sweet Symphony, Lucky Man, Sonnet
59%
V Van Halen Jump, Panama, Ain‘t Talkin‘ ‘Bout Love
59%
A Alanis Morissette Iconic, Hand in My Pocket, You Oughta Know
58%
D Depeche Mode Enjoy the Silence, Personal Jesus, Policy of Truth
58%
J James Taylor Fire and Rain, You‘ve Got a Friend, Carolina In My Mind
58%
S Sade Smooth Operator, Like a Tattoo, Kiss of Life
58%
S Santana Maria Maria, Smooth, Black Magic Woman
58%
T TLC No Scrubs, Waterfalls, Creep
58%
T Tom Jones It‘s Not Unusual, She‘s A Lady, Sexbomb
58%
T Tom Petty Free Fallin‘, I Won‘t Back Down, Runnin‘ Down A Dream
58%
T Train Hey, Soul Sister, Drops of Jupiter (Tell Me), Drive By
58%
A Alicia Keys If I Ain‘t You, No One, My Boo
57%
B Blink-182 All The Small Things, I Miss You, What‘s My Age Again?
57%
B Boston More Than a Feeling, Peace of Mind, Amanda
57%
I Iron Maiden The Trooper, Run to the Hills, Fear of the Dark
57%
K Kings of Leon Sex on Fire, Use Somebody, Pyro
57%
S Sinead O‘Connor Nothing Compares 2 U, All Apologies, Mandinka
57%
S Sting Fields Of Gold, Shape Of My Heart, Englishman In New York
57%
S The Smiths There Is a Light That Never Goes Out, This Charming Man, Heaven Knows I‘m Miserable Now
57%
C Chic Le Freak, Good Times, I Want Your Love
56%
D Don McLean American Pie, Vincent, And I Love You So
56%
F Frank Ocean Pink + White, Thinkin Bout You, Ivy
56%
J Janis Joplin Me and Bobby McGee, Piece of My Heart, Cry Baby
56%
L Lana Del Rey Summertime Sadness, Young And Beautiful, Video Games
56%
L Lionel Richie All Night Long (All Night), Say You, Say Me, Stuck On You
56%
M Meat Loaf I‘d Do Anything For Love (But I Won‘t Do That), Paradise By the Dashboard Light, Bat Out of Hell
56%
N Nelly Dilemma, Ride Wit Me, Hot In Herre
56%
N No Doubt Don‘t Speak, Just a Girl, Spiderwebs
56%
N NSYNC Bye Bye Bye, It‘s Gonne Be Me, Tearin‘ up My Heart
56%
O OneRepublic Counting Stars, I Ain‘t Worried, I Don‘t Wanna Wait
56%
R Ramones Blitzkrieg Bop, I Wanna Be Sedated, Pet Sematary
56%
K The Kinks You Really Got Me, Lola, All Day and All of the Night
56%
Z ZZ Top La Grange, Sharp Dressed Man, Gimme All Your Lovin‘
56%
A Ariana Grande we can‘t be friends, One Last Time, Into You
55%
D Destiny‘s Child Say My Name, Survivor, Jumpin‘, Jumpin‘
55%
F Fugees Killing Me Softly With His Song, Ready or Not, Fu-Gee-La
55%
H Hank Williams Hey, Good Lookin‘, Jambalaya (On The Bayou), I‘m So Lonesome I Could Cry
55%
L Lucinda Williams Fruits Of My Labor, Can‘t Let Go, Car Wheels On A Gravel Road
55%
N N.W.A. Straight Outta Compton, F** Tha Police, Chin Check
55%
R Rod Stewart Da Ya Think I‘m Sexy?, Maggie May, Baby Jane
55%
I Iggy Pop The Passenger, Lust For Life, Candy
54%
N Nickelback How You Remind Me, Rockstar, Burn It to the Ground
54%
C Culture Club Karma Chameleon, Do You Really Want to Hurt Me, Church of the Poison Mind
53%
D Diana Ross I‘m Coming Out, Endless Love, Upside Down
53%
D Donna Summer Hot Stuff, Bad Girls, I Feel Love
53%
E ELO (Electric Light Orchestra) Mr. Blue Sky, Don‘t Bring Me Down, Last Train to London
53%
E Enrique Iglesias Bailando, Cuando Me Enamoro, Loco
53%
G Genesis Invisible Touch, That‘ All, I Can‘t Dance
53%
J John Denver Take Me Home, Country Road, Annie‘s Song, Rocky Mountain High
53%
K Kenny Loggins Footloose, Danger Zone, Meet Me Half Way
53%
M Mariah Carey We Belong Together, Obsessed, Fantasy
53%
O Otis Redding (Sittin‘ On) the Dock of the Bay, Stand by Me, These Arms of Mine
53%
R Ray Charles Hit the Road Jack, I‘ve Got a Woman, Lonely Avenue
53%
R Roy Orbison Oh, Pretty Woman, Crying, Only the Lonely
53%
R Run-D.M.C. Walk This Way, It‘s Tricky, It‘s Like That
53%
S Shania Twain You‘re Still the One, Man! I Feel Like A Woman!, Any Man of Mine
53%
M The Monkees I‘m a Believer, Daydream Believer, Last Train to Clarksville
53%
T Tracy Chapman Fast Car, Talkin‘ ‘Bout a Revolution, Give Me One Reason
53%
W Weezer Island In The Sun, Say It Ain‘t So, Buddy Holly
53%
A America A Horse with No Name, Ventura Highway, Tin Man
52%
C Cream Sunshine Of You Love, White Room, Strange Brew
52%
N Nelly Furtado Promiscuous, Maneater, Say It Right
52%
N Norah Jones Don‘t Know Why, Come Away With Me, Sunrise
52%
P Pearl Jam Even Flow, Alive, Black
52%
B Blue Öyster Cult Don‘t Fear the Reaper, Burnin‘ for You, Godzilla
51%
J Jennifer Lopez On The Floor, Let‘s Get Loud, Ain‘t Your Mama
51%
J Jerry Lee Lewis Great Balls of Fire, Whole Lotta Shakin‘ Goin‘ On, High School Confidential
51%
J Johann Sebastian Bach Cello Suite No. 1 in G Major, The Well-Tempered Clavier I, Orchestral Suite No. 3
51%
L Lauryn Hill Doo Wop (That Thing), Ex-Factor, Can‘t Take My Eyes Off of You
51%
P Post Malone Sunflower, Circles, Congratulations
51%
T Talking Heads Psycho Killer, This Must Be the Place, Once in a Lifetime
51%
S The Smashing Pumpkins 1979, Bullet With Butterfly Wings, Today
51%
B Bill Withers Lovely Day, Ain‘t No Sunshine, Lean on Me
50%
E Etta James I‘d Rather Go Blind, At Last, A Sunday Kind Of Love
50%
K Kansas Dust in the Wind, Carry on Wayward Son, Play The Game Tonigt
50%
L Little Richard Tutti Frutti, Long Tall Sally (The Thing), Keep a Knockin‘
50%
S Scorpions Wind Of Change, Rock You Like a Hurricane, Still Loving You
50%
A Ace of Base All That She Wants, The Sign, Happy Nation
49%
B Billy Ocean Caribbean Queen, Love Really Hurts Without You, Red Light Spells Danger
49%
D Dusty Springfield Son Of A Preacher Man, Spooky, I Only Want To Be With You
49%
F Franz Ferdinand Take Me Out, No You Girls, Do You Want To
49%
H Hall & Oates You Make My Dreams (Come True), Maneater, Rich Girl
49%
J John Legend All of Me, Minefields, Beauty and the Beast
49%
K Kylie Minogue Can‘t Get You out of My Head, Padam Padam, In Your Eyes
49%
F Foreigner I Want to Know What Love Is, Waiting for a Girl Like You, Juke Box Hero
48%
I Ice Cube It Was A Good Day, You Know How We Do, Check Yo Self
48%
M Muse Supermassive Black Hole, Uprising, Hysteria
48%
P Panic! at the Disco High Hopes, I Write Sins Not Tragedies, House of Memories
48%
P Pixies Where Is My Mind?, Here Comes Your Man, Hey
48%
R Rage Against the Machine Killing In The Name, Bulls On Parade, Guerrilla Radio
48%
S Shaggy It Wasn‘t Me, Angel, Boombastic
48%
T Travis Scott SICKO MODE, goosebumps, BUTTERFLY EFFECT
48%
U UB40 Red Red Wine, Kingston Town, (I Can‘t Help) Falling In Love With You
48%
B Boney M. Rasputin, Daddy Cool, Sunny
47%
B Buddy Holly Everyday, That‘Il Be The Day, Peggy Sue
47%
B Buffalo Springfield For What It‘s Worth, Mr. Soul, Kind Woman
47%
C Cat Stevens Wild World, Father And Son, Morning Has Broken
47%
L Lenny Kravitz Fly Away, It Ain‘t Over ‘Til‘ It‘s Over, Are You Gonna Go My Way
47%
L Lou Reed Walk On the Wild Side, Perfect Day, Satellite of Love
47%
M Missy Elliott Work It, Get Ur Freak On, Lose Control
47%
P Pet Shop Boys West End Girls, Always on My Mind, It‘s a Sin
47%
S Soundgarden Black Hole Sun, Spoonman, Fell On Black Days
47%
K Kenny Rogers The Gambler, Islands in the Stream, Coward Of The County
46%
L Leonard Cohen Suzanne, Hallelujah, You Want It Darker
46%
P Peter Gabriel Solsbury Hill, Sledgehammer, In Your Eyes
46%
S Steppenwolf Born to Be Wild, Magic Carpet Ride, The Pusher
46%
S Steve Miller Band The Joker, Abracadabra, Fly Like an Eagle
46%
B The Band The Weight, The Night They Drove Old Dixie Down, Up On Cripple Creek
46%
K Kool and the Gang Celebration, Get Down On It, Ladies‘ Night
45%
M Motörhead Ace of Spades, The Game (Triple H), Overkill
45%
R Rush Tom Sawyer, Limelight, The Spirit of Radio
45%
S Stevie Nicks Edge of Seventeen, Edge of Midnight, Stop Draggin‘ My Heart Around
45%
C The Cars Drive, Just What I Needed, You Might Think
45%
C Chicago 25 or 6 to 4, If You Leave Me Now, Saturday in the Park
44%
I INXS Never Tear Us Apart, Need You Tonight, New Sensation
44%
J Joni Mitchell Big Yellow Taxi, California, A Case of You
44%
M Mötley Crüe Kickstart My Heart, Dr. Feelgood, Girls, Girls, Girls
44%
R Rammstein Du hast, Sonne, Deutschland
44%
S Soft Cell Tainted Love, Bedsitter, Say Hello
44%
S System of a Down Chop Suey!, Toxicity, Lonely Days
44%
Y Yes Owner of a Lonely Heart, Roundabout, I‘ve Seen All Good People
44%
A Alice in Chains Would?, Man in the Box, Them Bones
43%
B Beck Loser, E-Pro, Everybody‘s Gotta Learn Something
43%
F Fall Out Boy Centuries, Thnks fr th Mmrs, Sugar, We‘re Goin Down
43%
P Pat Benatar Hit Me With Your Best Shot, We Belong, Love Is A Battlefield
43%
A Antonio Vivaldi The Four Seasons: Concerto No. 2, The Four Seasons: Concerto No. 4, The Four Seasons, Concerto in F Minor
42%
D Dido Thank You (Not So Bad), White Flag, Here With Me
42%
J Jefferson Airplane Somebody to Love, White Rabbit, Volunteers
42%
J Joy Division Love Will Tear Us Apart, Disorder, Shadowplay
42%
L Lil Wayne A Milli, Mirror, Love Me
42%
N Nas N.Y. State of Mind, If I Ruled the World (Imagine That), The World Is Yours
42%
N Nine Inch Nails Closer, The Hand That Feeds, Head Like A Hole
42%
R Roxette It Must Have Been Love, Listen to Your Heart, The Look
42%
B The Byrds Turn! Turn! Turn! (To Everything There Is a Reason), Mr. Tambourine Man, Eight Miles High
42%
L The Lumineers Ho Hey, Ophelia, Stubborn Love
42%
T The Temptations My Girl, Papa Was A Rollin‘ Stone, Ain‘t Too Proud To Beg
42%
M My Chemical Romance Teenagers, Welcome to the Black Parade, Helena
41%
S Sam Cooke (What A) Wonderful World, Bring It On Home To Me, A Change Is Gonna Come
41%
R The Ronettes Be My Baby, I Love You, Walking in the Rain
41%
S The Supremes You Can‘t Hurry Love, Baby Love, Where Did Our Love Go
41%
B Ben E. King Stand by Me, Save the Last Dance for Me, This Magic Moment
40%
E Elvis Costello She, Watching The Detectives, Alison
40%
E Enya Only Time, Caribbean Blue, Orinoco Flow
40%
F Falco Rock Me Amadeus, Out Of The Dark, Der Kommissar
40%
F Florence + The Machine Dog Days Are Over, You‘ve Got The Love, Shake It Out
40%
J Jeff Buckley Lover, You Should‘ve Come Over, Hallelujah, Last Goodbye
40%
L Lizzo About Damn Time, Truth Hurts, Good as Hell
40%
N New Order Blue Monday, Bizarre Love Triangle, Age of Consent
40%
P Public Enemy Harder Than You Think, He Got Game, Fight The Power
40%
S Supertramp Give A Little Bit, The Logical Song, Breakfast In America
40%
T Twisted Sister We‘re Not Gonna Take It, I Wanna Rock, The Kids Are Back
40%
T Tyler, the Creator See You Again, EARFQUAKE, NEW MAGIC WAND
40%
W Whitesnake Is This Love, Here I Go Again, Fool for Your Loving
40%
W Willie Nelson On the Road Again, Highwayman, Beer for My Horses
40%
C Chris Isaak Wicked Game, Blue Hotel, Baby Did A Bad Bad Thing
38%
D Dionne Warwick That‘s What Friends Are For, Walk on By, I‘ll Never Lose This Way Again
38%
J Judas Priest Breaking the Law, Living After Midnight, You‘ve Got Another Thing Coming
38%
M Mary J. Blige Family Affair, Be Without You, Real Love
38%
P Paramore Still into You, Misery Business, Hard Times
38%
T Thin Lizzy The Boys Are Back in Town, Dancing in the Moonlight, Whiskey in the Jar
38%
B Björk Army Of Me, Venus As A Boy, Human Behaviour
37%
B Boyz II Men End of the Road, I‘ll Make Love to You, On Bended Knee
37%
R Ringo Starr Photograph, It Don‘t Come Easy, You‘re Sixteen (You‘re Beautiful And You‘re Mine)
37%
A The Allman Brothers Midnight Rider, Ramblin‘ Man, Melissa
37%
V The Velvet Underground Pale Blue Eyes, Sunday Morning, Femme Fatale
37%
W Wu-Tang Clan C.R.E.A.M., Protect Ya Neck, Method Man
37%
B Barbra Streisand Woman in Love, Guilty, I Finally Found Someone
36%
F Frédéric Chopin Nocture No. 20, Nocture No. 2 in E-Flat Major, Nocture Op. 9 No. 2
36%
R Randy Newman You‘ve Got a Friend in Me, Monsters, Inc., Strange Things
36%
R Richard Wagner Die Walküre, Ride of the Valkryies, Lohengrin
36%
O The Offspring The Kids Aren‘t Alright, You‚er Gonna Go Far, Kid, Self Esteem
36%
S The Strokes Last Nite, Someday, Reptilia
36%
F Fats Domino Blueberry Hill, Ain‘t That A Shame, I‘m Walkin‘
35%
K Korn Freak on a Leash, Falling Away from Me, Got the Life
35%
N Nat King Cole L-O-V-E, Unforgettable, When I Fall In Love
35%
N Nina Simone Feeling Good, My Baby Just Cares for Me, I Put A Spell On You
35%
P The Pretenders Brass in Pocket, Back on the Chain Gang, I‘ll Stand By You
35%
P The Prodigy Breathe, Firestarter, Smack My Bitch Up
35%
T Timbaland The Way I Are, Apologize, Give It To Me
35%
D Devo Whip It, Puppet Boy, Uncontrollable Urge
34%
J Joe Cocker Up Where We Belong, You Are So Beautiful, With A Little Help From My Friends
34%
T Tame Impala The Less I Know The Better, Borderline, Let It Happen
34%
C Cypress Hill Insane in the Brain, Hits from the Bong, Tequila Sunrise
33%
G Garth Brooks Friends in Low Places, The Dance, If Tomorrow Never Comes
33%
M Miles Davis Blue in Green, So What, Freddie Freeloader
33%
P Pulp Common People, Disco 2000, Babies
33%
Q Quiet Riot Cum on Feel the Noize, Metal Health (Bang Your Head), Mama Wear All Crazee Now
33%
S Steely Dan Reelin‘ In The Years, Do It Again, Dirty Work
33%
Z The Zombies She‘s Not There, Time of the Season, Tell Her No
33%
T T. Rex Get It On, 20th Century Boy, Cosmic Dancer
33%
H Hole Celebrity Skin, Violet, Malibu
32%
D The Doobie Brothers Listen to the Music, Long Train Runnin‘, China Grove
32%
T Toni Braxton Un-Break My Heart, He Wasn‘t Makin‘ Me High, You‘re Makin‘ Me High
32%
G Garbage Stupid Girl, Only Happy When It Rains, I Think I‘m Paranoid
31%
J Jamiroquai Virtual Insanity, Cosmic Girl, Little L
31%
L LL Cool J Mama Said Knock You Out, Not Letting Go, Doin‘ It
31%
M Megadeth Symphony of Destruction, Peace Sells, Hangar 18
31%
P Piotr Ilyich Tchaikovsky Swan Lake, Six Pieces, The Nutcracker
31%
S Sugarhill Gang Rapper‘s Delight, Apache (Jump on It), 8th Wonder
31%
T Take That Back for Good, Patience, Shine
31%
S The Stooges I Wanna Be Your Dog, Search and Destroy, Gimme Danger
31%
M Mumford & Sons Little Lion Man, I Will Wait, The Cave
30%
S Sly & The Family Stone Everyday People, If You Want Me to Stay, Dance to the Music
30%
M The Moody Blues Nights In White Satin, Your Wildest Dreams, Tuesday Afternoon (Forever Afternoon)
30%
E Everly Brothers Cathy‘s Clown, All I Have to Do Is Dream, Keep A-Knockin‘
29%
J J. Cole No Role Modelz, Wet Dreamz, Work Out
29%
J Jimmy Buffett It‘s Five O‘Clock Somewhere, Margaritaville, Come Monday
29%
N Natalie Cole This Will Be (An Everlasting Love), Miss You Like Crazy, Unforgettable
29%
R Robert Johnson Cross Road Blues, Me and the Devil Blues, Sweet Home Chicago
29%
S Selena Amor Prohibido, Como La Flor, Si Una Vez
29%
S Slayer Raining Blood, Delusions of Saviour, Angel Of Death
29%
B The Black Keys Lonely Boy, Howlin‘ for You, Gold on the Ceiling
29%
B Bon Iver Skinny Love, Beach Baby, For Emma
28%
D Deftones Change (In the House of Flies), Sextape, My Own Summer (Shove It)
28%
D DMX X Gon‘ Give It To Ya, Party Up, Ruff Ryders‘ Anthem
28%
E Eazy-E Real Muthaphuckkin G’s, No More ?‘s, Boyz-N-The-Hood
28%
G Grateful Dead Truckin‘, Casey Jones, Friend of the Devil
28%
P Pantera Walk, Cowboys from Hell, This Love
28%
R Robyn Dancing On My Own, With Every Heartbeat, Call Your Girlfriend
28%
S Styx Renegade, Babe, Come Sail Away
28%
C The Commodores Easy, Brick House, Nightshift
28%
B BTS My Universe, FAKE LOVE, Boy With Luv
27%
F Frank Zappa Peaches en Regalia, Bobby Brown, Don‘t Eat the Yellow Snow
27%
F Freddie Mercury Living On My Own, The Great Pretender, Love Me Like There‘s No Tomorrow
27%
I Isaac Hayes Theme From Shaft, Hung Up On My Baby, Walk On By
27%
K King Crimson 21st Century Schizoid Man, Starless, Epitaph
27%
K Kraftwerk The Model, Computer Love, The Robots
27%
R Roxy Music Love Is a Drug, More Than This, Virginia Plain
27%
F The Four Tops I Can‘t Help Myself (Sugar Pie Honey Bunch), Reach Out I‘ll Be There, Bernadette
27%
S The Stone Roses I Wanna Be Adored, Waterfall, She Bangs the Drums
27%
A Arcade Fire Wake Up, Rebellion (Lies), The Suburbs
26%
C Crosby, Stills & Nash Our House, Helplessly Hoping, Tach Your Children
26%
M Mazzy Star Fade Into You, Halah, Look On Down From The Bridge
26%
Q Queens of the Stone Age No One Knows, Go With The Flow, Make It Wit Chu
26%
S Slipknot Duality, Psychosocial, Before I Forget
26%
G The Guess Who American Woman, These Eyes, No Sugar Tonight / New Mother Nature
26%
T Tool Schism, Sober, The Pot
26%
Y Yeah Yeah Yeahs Heads Will Roll, Maps, Gold Lion
26%
E Ella Fitzgerald Dream A Little Dream Of Me, Cheek To Cheek, Summertime
25%
Y The Yardbirds For Your Love, Heart Full of Soul, Shapes of Things
25%
J John Mayer Slow Dancing in a Burning Room, New Light, Waiting On the World to Change
24%
M Muddy Waters Hoochie Coochie Man, Mannish Boy, Rollin‘ Stone
24%
P Patsy Cline Crazy, Walkin‘ After Midnight, I Fall To Pieces
24%
S Smokey Robinson Cruisin‘, You Really Got A Hold On Me, Being With You
24%
T Tony Bennett Body and Soul, The Way You Look Tonight, (I Left My Heart) In San Francisco
24%
W Woody Guthrie This Land Is Your Land, Tear the Facists Down, I Ain‘t Got No Home in This World Anymore
24%
A A Tribe Called Quest Can I Kick It?, Electric Relaxation, Check the Rhime
23%
C Carl Perkins Blue Suede Shoes, Matchbox, Boppin‘ the Blues
23%
C Curtis Mayfield Move On Up, Pusherman, Superfly
23%
G Gloria Estefan Conga, El Ultimo Adiós, Con los Años Que Me Quedan
23%
J Joan Baez The Night They Drove Old Dixie Down, Diamonds And Rust, House Of The Rising Sun
23%
P Portishead Glory Box, Sour Times, Roads
23%
T Talk Talk It‘s My Life, Life‘s What You Make It, Such a Shame
23%
A Audioslave Like a Stone, Show Me How to Live, Be Yourself
22%
B Booker T. & the MG‘s Green Onions, Time Is Tight, Let‘ Go Get Stoned
22%
B Buzzcocks Ever Fallen in Love, What Do I Get?, Why Can‘t I Touch It?
22%
C Claude Debussy Suite bergamasque, Claire de Lune, Rêverie
22%
J Jackie Wilson Lonely Teardrops, Higher and Higher, Reet Petite
22%
J Jackson Browne Running on Empty, Doctor My Eyes, Somebody‘s Baby
22%
L Loretta Lynn Louisiana Woman, Mississippi Man, Coal Miner‘s Daughter, Don‘t Come Home A-Drinkin‘ (With Lovin‘ On Your Mind)
22%
M Mick Jagger Dancing in the Street, God Gave Me Everything, Old Habits Die Hard
22%
P Peter, Paul and Mary Blowin‘ in the Wind, Puff, the Magic Dragon, If I Had a Hammer
22%
S Sonic Youth Teen Age Riot, Kool Thing, Incinerate
22%
S Status Quo Rockin‘ All Over the World, Whatever You Want, Caroline
22%
F Fiona Apple Paper Bag, Criminal, I Want You To Love Me
21%
I Incubus Drive, Wish You Were Here, Pardon Me
21%
M Massive Attack Teardrop, Angel, Unfinished Sympathy
21%
T Television Marquee Moon, See No Evil, Venus
21%
U Ultravox Dancing with Tears in My Eyes, Vienna, Hymn
21%
B Bad Company Feels Like Makin‘ Love, Shooting Star, Can‘t Get Enough
20%
J Jethro Tull Aqualung, Locomotive Breath, Cross-Eyed Mary
20%
P Parliament Give Up The Funk, Flash Light, Mothership Connection
20%
D The Drifters Under the Boardwalk, Save the Last Dance for Me, This Magic Moment
20%
B Busta Rhymes Don‘t Cha, I Know What You Want, Break Ya Neck
19%
I Ice-T Colors, 6 ‘N the Mornin‘, New Jack Hustler (Nino‘s Theme)
19%
A Anthrax Indians, Caught in a Mosh, Madhouse
18%
B Billie Holiday I‘ll Be Seeing You, Blue Moon, Solitude
18%
D De La Soul Eye Know, Breakadawn, Me Myself and I
18%
G Grand Funk Railroad Some Kind of Wonderful, We‘re an American Band, Closer to Home (I‘m Your Captain)
18%
L Luther Vandross Never Too Much, Endless Love, Dance With My Father
18%
N Neutral Milk Hotel In the Aeroplane Over the Sea, King of Carrot Flowers Pt. 1, Holland, 1945
18%
N Nick Cave & The Bad Seeds O Children, Into My Arms, Red Right Hand
18%
P Placebo Every You Every Me, The Bitter End, Running Up That Hill
18%
C Charlie Parker All The Things You Are, Summertime, Samba de uma Nota So
17%
G Giuseppe Verdi Rigoletto, Act III, La traviata, Act I, Dies Irae
17%
L LCD Soundsystem Dance Yrself Clean, All My Friends, Daft Punk Is Playing at My House
17%
S Siouxsie and the Banshees Hong Kong Garden, Spellbound, Cities in Dust
17%
I The Isley Brothers This Old Heart Of Mine, Footsteps in the Dark, Between the Sheets
17%
B Bo Diddley I‘m A Man, Pretty Thing, Road Runner
16%
C Cocteau Twins Sea, Swallow Me, Cherry-coloured Funk, Heaven or Las Vegas
16%
E Eric B. & Rakim Don‘t Sweat The Technique, Paid In Full, I Ain‘t No Joke
16%
F Franz Liszt Liebesträume, Consolations, En rêve
16%
M Mobb Deep Shook Ones, Pt. II, Survival of the Fittest, Outta Control
16%
R Richard Strauss Morgen, Also sprach Zarathustra, Wiegenlied
16%
I Igor Stravinsky The Firebird, The Rite of Spring
15%
M Manu Chao Me Gustas Tu, Bongo Bong, Clandestino
15%
M MF Doom Rapp Snitch Knishes, One Beer, Doomsday
15%
R Robert Plant Big Log, 29 Palms, Killing The Blues
15%
R The Roots You Got Me, The Seed (2.0), What They Do
15%
T Tom Waits I Hope That I Don‘t Fall In Love With You, Underground, Downtown Train
15%
C Count Basie Fly Me to the Moon, The Best Is Yet to Come, Splanky
14%
D Del Shannon Runaway, Hats Off to Larry, Little Town Flirt
14%
D Duke Ellington In A Sentimental Mood, My Little Brown Book, Take the „A“ Train
14%
F Franz Schubert Ständchen, S. 560, Minute in A major, Die Nacht
14%
G George Strait Check Yes Or No, Amarillo By Morning, Carrying Your Love With Me
14%
G Ghost Square Hammer, Cirice, Year Zero
14%
H Howlin‘ Wolf Smokestack Lightning, Spoonful, Killing Floor
14%
K Keith Urban Somebody Like You, Blue Ain‘t Your Color, One Too Many
14%
P Pavement Harness Your Hopes, Cut Your Hair, Spit on a Stranger
14%
S The Shirelles Will You Love Me Tomorrow, Mama Said, Soldier Boy
14%
W Wilco Jesus, Etc., California Stars, Impossible Germany
14%
Z Zac Brown Band Chicken Fried, Knee Deep, Toes
14%
J John Coltrane In A Sentimental Mood, Blue In Green, So What
13%
N New York Dolls Personality Crisis, Jet Boy, Trash
13%
D D‘Angelo Lady, Brown Sugar, Untitled (How Does It Feel)
12%
E Emerson, Lake & Palmer From the Beginning, Lucky Man, Still… You Turn Me On
12%
E Erykah Badu Don‘t Cha Know, On & On, Next Lifetime
12%
F Fleet Foxes Mykonos, White Winter Hymnal, Blue Ridge Mountains
12%
H Harry Nilsson Without You, Everybody‘s Talkin‘, One
12%
H Herbie Hancock Cantaloupe Island, Watermelon Man, Chameleon
12%
P PJ Harvey This Mess We‘re In, Down By The Water, Henry Lee
12%
D The Damned Neat Neat Neat, New Rose, Life Goes On
12%
A Afrika Bambaataa Planet Rock, Looking for the Perfect Beat, Afrika Shox
11%
I Interpol Evil, Obstacle 1, Rest My Chemistry
11%
M Maná Oye Mi Amor, Clavado en Un Bar, Rayando el Sol
11%
B Big Star Thirteen, September Gurls, The Ballad Of El Goodo
9%
C Charles Mingus Goodbye Pork Pie Hat, Better Git It in Your Soul, Moanin‘
9%
S Sufjan Stevens Fourth of July, Mystery of Love, Visions of Gideon
9%
B Brian Eno An Ending (Ascent), Strange Overtones, Cmon
8%
G Gojira Flying Whales, Stranded, Silvera
8%
A Art Blakey Moanin‘, Round Midnight, Along Came Betty
7%
W Wire Mannequin, Ex Lion Tamer, Three Girl Rhumba
7%
S The Slits I Heard It Through The Grapevine, Typical Girls, Instant Hit
6%
F Fela Kuti Water No Get Enemy, Zombie, Expensive Shit
4%
G Ghostface Killah No Face, Iron Maiden, New God Flow.1
4%
H Hüsker Dü Don‘t Want to Know If You Are Lonely, Something I Learned Today, Pink Turns to Blue
4%
S Sarah Vaughan Misty, Lullaby Of Birdland, Embraceable You
4%
No matching quizzes found
Score Distribution
Percent of People with Each Score
Percentile by Number Answered
Your Score History
You have not taken this quiz since the last reset